[Event "Lliga Catalana DH Final A"]
[Site "?"]
[Date "2015.03.14"]
[Round "8.5"]
[White "Pinsach Gelabert, A."]
[Black "Martinez Ramirez, E."]
[Result "0-1"]
[WhiteElo "2314"]
[BlackElo "2349"]
[PlyCount "114"]
[EventDate "2015.??.??"]
[EventType "team"]

1. e4 c5 2. Nf3 g6 3. d4 cxd4 4. Nxd4 Nf6 5. Nc3 Nc6 6. Be3 Bg7 7. Bc4 O-O 8.
Bb3 d6 9. f3 Bd7 10. Qd2 Nxd4 11. Bxd4 b5 12. O-O-O a5 13. Nd5 a4 14. Nxf6+
Bxf6 15. Bd5 Bxd4 16. Qxd4 Rc8 17. a3 Be6 18. h4 Bxd5 19. exd5 Rc4 20. Qd2 b4
21. axb4 Qb6 22. h5 Rfc8 23. hxg6 Rxc2+ 24. Qxc2 Rxc2+ 25. Kxc2 hxg6 26. Kc3
Qc7+ 27. Kd3 Qb7 28. Kc3 Qc8+ 29. Kd3 e6 30. Rc1 Qa6+ 31. Kd2 Qb6 32. dxe6
Qxb4+ 33. Ke3 Qb3+ 34. Kf4 Qxe6 35. Rc3 Qe5+ 36. Kg4 Qf5+ 37. Kg3 Qg5+ 38. Kh2
Qf4+ 39. Kg1 d5 40. Ra3 d4 41. Rxa4 Qe3+ 42. Kh2 Qe5+ 43. Kg1 d3 44. Ra1 Qxb2
45. Rd1 Qe2 46. Kh2 d2 47. Rhf1 g5 48. Kh3 f5 49. g4 f4 50. Ra1 Kf7 51. Rab1
Ke6 52. Rbd1 Ke5 53. Ra1 Kd4 54. Ra4+ Kc3 55. Ra3+ Kb2 56. Ra2+ Kxa2 57. Rf2
Qxf3+ 0-1

[Event "Lliga Catalana DH Final A"]
[Site "?"]
[Date "2015.03.14"]
[Round "8.6"]
[White "Perez Mañas, B."]
[Black "Serra Pages, J."]
[Result "1/2-1/2"]
[WhiteElo "2291"]
[BlackElo "2375"]
[PlyCount "79"]
[EventDate "2015.??.??"]
[EventType "team"]

1. e4 e5 2. Nf3 Nc6 3. Bb5 a6 4. Bxc6 dxc6 5. d3 Bd6 6. Nbd2 Ne7 7. Nc4 Ng6 8.
O-O O-O 9. h3 Be6 10. Qe2 h6 11. Rd1 Bxc4 12. dxc4 Qe7 13. Ne1 Qe6 14. Be3 Rfd8
15. c5 Be7 16. b3 Bg5 17. Bxg5 hxg5 18. Qh5 Qe7 19. Nf3 Nf4 20. Qxg5 Ne2+ 21.
Kh1 Qxg5 22. Nxg5 Nc3 23. Rd3 Rxd3 24. cxd3 Rd8 25. Nf3 Rxd3 26. Nxe5 Rd2 27.
Nc4 Rc2 28. f3 Nxa2 29. Na5 b6 30. Nxc6 Rxc5 31. Ne7+ Kf8 32. Nd5 Nc3 33. b4
Rc4 34. Nxc3 Rxc3 35. Rxa6 Rc4 36. Ra8+ Ke7 37. Rc8 Kd7 38. Rf8 Ke7 39. Rc8 Kd7
40. Rf8 1/2-1/2

[Event "Lliga Catalana DH Final A"]
[Site "?"]
[Date "2015.03.14"]
[Round "8.7"]
[White "Casanellas Ruano, L."]
[Black "Obon Temprano, S."]
[Result "1/2-1/2"]
[WhiteElo "2261"]
[BlackElo "2373"]
[PlyCount "78"]
[EventDate "2015.??.??"]
[EventType "team"]

1. d4 d5 2. c4 c6 3. cxd5 cxd5 4. Nc3 Nf6 5. Bf4 e6 6. e3 Bd6 7. Bxd6 Qxd6 8.
Nf3 Nc6 9. Bd3 O-O 10. O-O e5 11. dxe5 Nxe5 12. Be2 Rd8 13. Qd4 Nc6 14. Qh4 Bf5
15. Rfd1 Qe7 16. Rac1 Be4 17. Rd2 Qe6 18. Nb5 Rac8 19. Rdd1 Ne7 20. b3 Ng6 21.
Qg3 Bc2 22. Rxc2 Rxc2 23. Nfd4 Qc8 24. Nxc2 Qxc2 25. Nd4 Qxa2 26. Qc7 Rf8 27.
Qxb7 Ne4 28. Qc7 a5 29. f3 Nf6 30. Qc3 Qa3 31. Ra1 Qb4 32. Qxb4 axb4 33. Nc6
Rc8 34. Nxb4 Rc3 35. Ra8+ Nf8 36. Kf2 Rxb3 37. Nc6 Rb7 38. g4 g5 39. Ra7 Rxa7
1/2-1/2

[Event "Lliga Catalana DH Final A"]
[Site "?"]
[Date "2015.03.14"]
[Round "8.8"]
[White "Rivas Garcia, V."]
[Black "Colls Gelaberto, E."]
[Result "1/2-1/2"]
[WhiteElo "2346"]
[BlackElo "2238"]
[PlyCount "72"]
[EventDate "2015.??.??"]
[EventType "team"]

1. e4 c6 2. d4 d5 3. e5 Bf5 4. Nc3 e6 5. g4 Bg6 6. Nge2 c5 7. h4 f6 8. Nf4 Bf7
9. exf6 Nxf6 10. Bb5+ Nc6 11. Qe2 cxd4 12. Nxe6 Bxe6 13. Qxe6+ Qe7 14. Qxe7+
Bxe7 15. Ne2 Bc5 16. f3 O-O-O 17. Bf4 Nd7 18. O-O-O Nde5 19. Rhf1 a6 20. Bxc6
Nxc6 21. a3 Rde8 22. Kd2 Rhf8 23. Bg3 Re3 24. Ng1 h5 25. g5 Ne5 26. Bxe5 Rxe5
27. Ne2 g6 28. f4 Re3 29. f5 Rxf5 30. Rxf5 gxf5 31. Rf1 Re4 32. Rxf5 Rxh4 33.
Rxd5 Bb6 34. Rd6 Bc5 35. Rd5 Bb6 36. Rd6 Bc5 1/2-1/2

[Event "Lliga Catalana DH Final A"]
[Site "?"]
[Date "2015.03.14"]
[Round "8.9"]
[White "Fernandez Garcia, F."]
[Black "Carrasco Rodriguez, J."]
[Result "0-1"]
[WhiteElo "2238"]
[BlackElo "2272"]
[PlyCount "104"]
[EventDate "2015.??.??"]
[EventType "team"]

1. c4 e5 2. g3 Nc6 3. Nc3 Bc5 4. Bg2 Nf6 5. Nf3 d6 6. d3 O-O 7. O-O h6 8. a3 a6
9. b4 Ba7 10. Bb2 Be6 11. Rc1 Qd7 12. e3 Rfe8 13. b5 axb5 14. Nxb5 Bb6 15. d4
e4 16. Nd2 Bh3 17. c5 Ba5 18. Nb3 d5 19. Nc3 Qf5 20. Qe2 Bg4 21. f3 exf3 22.
Bxf3 Bxc3 23. Rxc3 Bxf3 24. Qxf3 Qxf3 25. Rxf3 Ne4 26. Rd3 f6 27. Rf1 Ra4 28.
Nc1 Na5 29. Ne2 Nc4 30. Rb1 Ned2 31. Ra1 Rxe3 32. Rxe3 Nxe3 33. Bc1 Nb3 34. Rb1
Nxc1 35. Nxc1 Rxd4 36. Ne2 Rc4 37. Rxb7 Rxc5 38. Nd4 Rc1+ 39. Kf2 Ng4+ 40. Kg2
Rc4 41. Ne6 Rc2+ 42. Kg1 Nxh2 43. Nxc7 d4 44. Ne6 d3 45. Rxg7+ Kh8 46. Rd7 d2
47. Nf4 Rc1+ 48. Kxh2 d1=Q 49. Rxd1 Rxd1 50. Nh5 f5 51. Kg2 Kh7 52. Kf3 Rd3+
0-1

[Event "Lliga Catalana DH Final A"]
[Site "?"]
[Date "2015.03.14"]
[Round "8.10"]
[White "Ramirez Carrizo, VJ."]
[Black "Coronado Iruela, M."]
[Result "1/2-1/2"]
[WhiteElo "2229"]
[BlackElo "2190"]
[PlyCount "62"]
[EventDate "2015.??.??"]
[EventType "team"]

1. e4 e6 2. d4 d5 3. Nc3 Bb4 4. e5 b6 5. a3 Bf8 6. Nf3 Ne7 7. Bg5 Ba6 8. Bxa6
Nxa6 9. Qd3 Nb8 10. O-O Qd7 11. Ne2 h6 12. Bd2 a6 13. b3 Ng6 14. Ng3 c5 15.
dxc5 Bxc5 16. Nh5 Kf8 17. c4 dxc4 18. Qxc4 Kg8 19. Rfd1 Qb7 20. Bb4 Bxb4 21.
Qxb4 Kh7 22. Rd6 Nc6 23. Qe4 Rac8 24. Nd4 Na5 25. Qxb7 Nxb7 26. Rxb6 Rc7 27. f4
Rd8 28. Nf3 a5 29. Re1 Ne7 30. h3 Nd5 31. Ra6 Rc3 1/2-1/2

[Event "Lliga Catalana DH Final A"]
[Site "?"]
[Date "2015.03.14"]
[Round "8.1"]
[White "Alsina Leal, D."]
[Black "Movsziszian, K."]
[Result "1/2-1/2"]
[WhiteElo "2567"]
[BlackElo "2513"]
[PlyCount "89"]
[EventDate "2015.??.??"]
[EventType "team"]

1. e4 g6 2. d4 Bg7 3. Nc3 d6 4. f4 Nf6 5. Nf3 c5 6. Bb5+ Nc6 7. dxc5 Qa5 8. Bd2
O-O 9. cxd6 exd6 10. Qe2 Re8 11. O-O-O Be6 12. Bc4 Rac8 13. Bxe6 Rxe6 14. Kb1
Qb6 15. Ng5 Re7 16. Be3 Qa5 17. Rxd6 h6 18. Rxf6 Bxf6 19. Nd5 hxg5 20. Nxf6+
Kg7 21. Bd2 Qa4 22. Bc3 Nd4 23. Bxd4 Qxd4 24. fxg5 Rh8 25. a3 Re6 26. h4 Rb6
27. c3 Qa4 28. Qf2 Rd8 29. Rc1 Qc4 30. Ka1 Rbd6 31. Nd5 Qxe4 32. c4 b5 33. Qg3
Qd4 34. Nc7 bxc4 35. Nb5 Qd2 36. Rxc4 Rd3 37. Qe5+ Kg8 38. Nc3 Qc1+ 39. Ka2 Rd2
40. Rb4 Qf1 41. Ne4 Rd1 42. Nf6+ Kf8 43. Nh7+ Kg8 44. Nf6+ Kf8 45. Nh7+ 1/2-1/2

[Event "Lliga Catalana DH Final A"]
[Site "?"]
[Date "2015.03.14"]
[Round "8.2"]
[White "Gonzalez Perez, A."]
[Black "Delorme, A."]
[Result "0-1"]
[WhiteElo "2527"]
[BlackElo "2483"]
[PlyCount "82"]
[EventDate "2015.??.??"]
[EventType "team"]

1. e4 e5 2. Nf3 Nc6 3. d4 exd4 4. Nxd4 Qf6 5. Nxc6 Bc5 6. Qf3 bxc6 7. Nd2 Qxf3
8. gxf3 d5 9. Nb3 Bd6 10. Bg5 Nf6 11. O-O-O dxe4 12. Re1 O-O 13. fxe4 Ng4 14.
f3 Ne5 15. Nd2 h6 16. Be3 Be6 17. a3 f5 18. f4 Ng4 19. e5 Nxe3 20. Rxe3 Be7 21.
Rc3 c5 22. Bc4 Bxc4 23. Rxc4 g5 24. Nb3 Kf7 25. Nxc5 Rfd8 26. Nd3 c5 27. Kd1
Rac8 28. Ke2 Rd4 29. Rxd4 cxd4 30. Ne1 Rb8 31. b3 Rc8 32. Rf1 Ke6 33. b4 g4 34.
Rg1 h5 35. Kf2 Rc3 36. Rg3 h4 37. Rxc3 dxc3 38. Ke2 h3 39. Kd3 Bh4 40. Ke2 Bxe1
41. Kxe1 g3 0-1

[Event "Lliga Catalana DH Final A"]
[Site "?"]
[Date "2015.03.14"]
[Round "8.3"]
[White "Pardo Simon, D."]
[Black "Akbarinia, SA."]
[Result "0-1"]
[WhiteElo "2474"]
[BlackElo "2366"]
[PlyCount "76"]
[EventDate "2015.??.??"]
[EventType "team"]

1. d4 d5 2. c4 e6 3. Nc3 Nf6 4. Nf3 c6 5. Bg5 h6 6. Bxf6 Qxf6 7. e3 Nd7 8. Be2
g6 9. O-O Bg7 10. e4 dxc4 11. e5 Qe7 12. Bxc4 O-O 13. Re1 b5 14. Bb3 Bb7 15.
Qd3 a6 16. Qe4 Rac8 17. h4 Ba8 18. Qg4 c5 19. d5 c4 20. Bc2 exd5 21. h5 d4 22.
Nxd4 Nxe5 23. Qh3 Rcd8 24. Nde2 Nd3 25. Bxd3 Rxd3 26. Ng3 Qd7 27. Qxd7 Rxd7 28.
hxg6 fxg6 29. Re6 b4 30. Na4 Rd2 31. Rf1 Bd4 32. Nh1 a5 33. Rxg6+ Kh7 34. Ra6
Rg8 35. g3 Bf3 36. Rxa5 Rg5 37. Rxg5 hxg5 38. Rc1 g4 0-1

[Event "Lliga Catalana DH Final A"]
[Site "?"]
[Date "2015.03.14"]
[Round "8.4"]
[White "Dominguez Pons, E."]
[Black "Alexandrova, O."]
[Result "1/2-1/2"]
[WhiteElo "2402"]
[BlackElo "2438"]
[PlyCount "45"]
[EventDate "2015.??.??"]
[EventType "team"]

1. e4 c5 2. Nf3 e6 3. d4 cxd4 4. Nxd4 a6 5. Nc3 b5 6. g3 Bb7 7. Bg2 Nf6 8. Bg5
Be7 9. O-O b4 10. Na4 Qa5 11. Bxf6 Bxf6 12. Nb3 Qxa4 13. Nc5 Qc6 14. Nxb7 Qxb7
15. e5 Nc6 16. exf6 gxf6 17. Qd6 Qb8 18. Qc5 Qe5 19. Qc4 Qb5 20. Qf4 Qe5 21.
Qc4 Qb5 22. Qf4 Qe5 23. Qc4 1/2-1/2

[Event "Lliga Catalana DH Final A"]
[Site "?"]
[Date "2015.03.14"]
[Round "8.5"]
[White "Aloma Vidal, R."]
[Black "Delisau Gil, O."]
[Result "1/2-1/2"]
[WhiteElo "2482"]
[BlackElo "2316"]
[PlyCount "66"]
[EventDate "2015.??.??"]
[EventType "team"]

1. d4 Nf6 2. Bg5 e6 3. Nd2 c5 4. e3 Be7 5. Ngf3 b6 6. c3 Bb7 7. Bd3 O-O 8. O-O
d5 9. Ne5 Ne4 10. Bxe7 Qxe7 11. a4 Nxd2 12. Qxd2 Nc6 13. f4 f6 14. Nxc6 Bxc6
15. Qc2 f5 16. Rf3 c4 17. Be2 a6 18. g4 g6 19. Rg3 Kh8 20. Bd1 b5 21. Qg2 b4
22. Qh3 bxc3 23. bxc3 Rab8 24. Rg2 Rb7 25. Kh1 Rfb8 26. Bc2 Be8 27. Rag1 Bf7
28. Qh6 Rb2 29. h4 Qf8 30. Qg5 Qd8 31. Qh6 Qf8 32. Qg5 Qd8 33. Qh6 Qf8 1/2-1/2

[Event "Lliga Catalana DH Final A"]
[Site "?"]
[Date "2015.03.14"]
[Round "8.6"]
[White "Castelltort Fernandez, A."]
[Black "Martin Gonzalez, A."]
[Result "1-0"]
[WhiteElo "2365"]
[BlackElo "2463"]
[PlyCount "105"]
[EventDate "2015.??.??"]
[EventType "team"]

1. d4 Nf6 2. Nf3 e6 3. e3 c5 4. Bd3 Nc6 5. O-O d5 6. b3 Qc7 7. Bb2 cxd4 8. exd4
Nb4 9. Bb5+ Bd7 10. Bxd7+ Nxd7 11. c3 Nc6 12. Nbd2 Be7 13. Re1 O-O 14. Qe2 Bf6
15. c4 dxc4 16. bxc4 Na5 17. Rac1 Rac8 18. Ba3 Rfd8 19. d5 Nf8 20. Ne4 Be7 21.
d6 Bxd6 22. Bxd6 Rxd6 23. Nxd6 Qxd6 24. Red1 Qc7 25. Qe5 Nxc4 26. Qxc7 Rxc7 27.
Ne5 b5 28. Nxc4 bxc4 29. Rd4 c3 30. Rd3 c2 31. Rd2 Rc5 32. Rcxc2 Rb5 33. g3 g5
34. Rc7 a5 35. Rdc2 Ng6 36. R7c5 Rb1+ 37. Kg2 g4 38. Rxa5 Kg7 39. f3 f5 40.
fxg4 fxg4 41. Rac5 Re1 42. Kf2 Rh1 43. Ke3 Re1+ 44. Kd2 Rh1 45. Kc3 e5 46. a4
Kf6 47. a5 Ne7 48. Kb2 Rd1 49. a6 Rd7 50. Ra5 Ra7 51. Rcc5 e4 52. Kc3 e3 53.
Kd3 1-0

[Event "Lliga Catalana DH Final A"]
[Site "?"]
[Date "2015.03.14"]
[Round "8.7"]
[White "Mestre Bellido, H."]
[Black "Subirats Ruiz, S."]
[Result "1-0"]
[WhiteElo "2348"]
[BlackElo "2283"]
[PlyCount "87"]
[EventDate "2015.??.??"]
[EventType "team"]

1. Nf3 Nf6 2. g3 g6 3. Bg2 Bg7 4. O-O O-O 5. d4 c5 6. c4 e6 7. Nc3 d6 8. dxc5
dxc5 9. Bf4 Qb6 10. Qb3 Nfd7 11. Rfd1 Nc6 12. Bd6 Rd8 13. Nb5 Nf8 14. Rd2 Qa5
15. Bc7 Rxd2 16. Bxa5 Nxa5 17. Qa4 Rxb2 18. Qxa5 Rxb5 19. Qxb5 Bxa1 20. Qe8 h6
21. Ne1 Kg7 22. Nd3 Rb8 23. Bxb7 Rxb7 24. Qxc8 Rd7 25. Qxc5 e5 26. Nxe5 Ne6 27.
Nxd7 Nxc5 28. Nxc5 Kf6 29. e3 Ke5 30. Kf1 h5 31. h3 Kf5 32. f3 g5 33. g4+ hxg4
34. hxg4+ Ke5 35. Ke2 f6 36. Kd3 Kd6 37. Nb3 Be5 38. Ke4 a6 39. Kf5 Kc6 40. Ke6
Kc7 41. Kd5 Kb6 42. Nd4 Bg3 43. c5+ Kc7 44. Ne6+ 1-0

[Event "Lliga Catalana DH Final A"]
[Site "?"]
[Date "2015.03.14"]
[Round "8.8"]
[White "Pueyo Burrell, D."]
[Black "Ibañez Tarradellas, E."]
[Result "1/2-1/2"]
[WhiteElo "2285"]
[BlackElo "2364"]
[PlyCount "52"]
[EventDate "2015.??.??"]
[EventType "team"]

1. e4 d5 2. Nc3 dxe4 3. Nxe4 Qd5 4. Nc3 Qa5 5. d3 Nf6 6. Bd2 Nc6 7. g3 Bg4 8.
f3 Bh5 9. h4 h6 10. g4 Bg6 11. f4 O-O-O 12. Bg2 e6 13. Bxc6 bxc6 14. h5 Bh7 15.
Qf3 Nd5 16. Nxd5 Qxd5 17. Bc3 f6 18. Qxd5 cxd5 19. Ne2 Bd6 20. O-O-O Rde8 21.
Rdf1 e5 22. fxe5 Bxe5 23. Bxe5 Rxe5 24. Kd2 Rhe8 25. Rh2 c5 26. Rf4 d4 1/2-1/2

[Event "Lliga Catalana DH Final A"]
[Site "?"]
[Date "2015.03.14"]
[Round "8.9"]
[White "Moyano Morales, F."]
[Black "Bautista Sanchez, J."]
[Result "1-0"]
[WhiteElo "2319"]
[BlackElo "2306"]
[PlyCount "167"]
[EventDate "2015.??.??"]
[EventType "team"]

1. d4 c6 2. e4 d5 3. Nc3 dxe4 4. Nxe4 Nd7 5. Bd3 Ngf6 6. Ne2 Nxe4 7. Bxe4 Nf6
8. Bf3 Bg4 9. Bxg4 Nxg4 10. O-O e6 11. Nf4 Nf6 12. c3 Bd6 13. b4 Qc7 14. g3 O-O
15. Nd3 a5 16. bxa5 Rxa5 17. c4 b6 18. Qc2 c5 19. dxc5 bxc5 20. Bb2 Rfa8 21. a3
Qc6 22. Rfe1 Qa4 23. Qc1 Bf8 24. h4 Rd8 25. Ne5 Ra6 26. g4 Nd7 27. h5 Rd6 28.
h6 f6 29. hxg7 Bxg7 30. Nxd7 R8xd7 31. Qf4 e5 32. Qe4 Qb3 33. Rab1 Qd3 34. Qxd3
Rxd3 35. Ra1 Rb7 36. Re2 Bh6 37. a4 Rdb3 38. Ra2 R3b4 39. Rc2 Ra7 40. a5 Bf8
41. Kg2 Kf7 42. Bc1 Ra6 43. Bd2 Rb7 44. Rab2 Rba7 45. Rb5 Be7 46. Kf3 Ke6 47.
Ke4 Bd6 48. Rcb2 Bc7 49. Rxc5 Bxa5 50. Bxa5 Rxa5 51. Rb6+ Kf7 52. Rcc6 Kg7 53.
Rxf6 Rc7 54. Rfc6 Rf7 55. Rb5 Ra2 56. Rxe5 Raxf2 57. Rg5+ Kf8 58. Rc8+ Ke7 59.
Rc7+ Kd8 60. Rxf7 Rxf7 61. Ra5 Kc8 62. g5 Kb7 63. Rf5 Rd7 64. Rf6 Rg7 65. Rf5
Kc6 66. Kf4 Re7 67. Kg4 Re4+ 68. Rf4 Re7 69. Kh5 Kc5 70. Kh6 Rd7 71. Rf8 Kxc4
72. Rh8 Kd5 73. Rxh7 Rd8 74. Re7 Rh8+ 75. Kg7 Rh1 76. g6 Kd6 77. Re2 Kd7 78.
Kg8 Rh3 79. Re4 Rh1 80. g7 Kd8 81. Kf7 Rf1+ 82. Kg6 Rg1+ 83. Kf6 Kd7 84. Re5
1-0

[Event "Lliga Catalana DH Final A"]
[Site "?"]
[Date "2015.03.14"]
[Round "8.10"]
[White "Camacho Liesa, J."]
[Black "Llobet Reus, P."]
[Result "0-1"]
[WhiteElo "2109"]
[BlackElo "2288"]
[PlyCount "70"]
[EventDate "2015.??.??"]
[EventType "team"]

1. e4 d6 2. d4 Nf6 3. Nc3 g6 4. Be2 Bg7 5. Be3 c6 6. a4 Nbd7 7. Qd2 Qa5 8. Ra3
e5 9. h3 O-O 10. Nf3 Qc7 11. O-O exd4 12. Nxd4 Re8 13. Ndb5 cxb5 14. Nxb5 Qb8
15. f3 Ne5 16. Qxd6 Qxd6 17. Nxd6 Rd8 18. Nb5 Be6 19. Nxa7 Bc4 20. Bd3 Bxd3 21.
cxd3 Rxd3 22. Rxd3 Nxd3 23. b3 Bf8 24. Rd1 Nc5 25. e5 Ne8 26. Rd5 Rxa7 27. Rd8
b6 28. Rxe8 Kg7 29. b4 Nxa4 30. Bd4 Bxb4 31. e6+ f6 32. Rd8 Re7 33. Rd7 Rxd7
34. exd7 Be7 35. g4 Nc5 0-1

[Event "Lliga Catalana DH Final A"]
[Site "?"]
[Date "2015.03.14"]
[Round "8.1"]
[White "Peralta, F."]
[Black "Narciso Dublan, M."]
[Result "1/2-1/2"]
[WhiteElo "2575"]
[BlackElo "2570"]
[PlyCount "197"]
[EventDate "2015.??.??"]
[EventType "team"]

1. d4 Nf6 2. c4 e6 3. Nc3 d5 4. cxd5 exd5 5. Bg5 c6 6. Qc2 Be7 7. e3 Nbd7 8.
Bd3 Nh5 9. Bxe7 Qxe7 10. Nge2 g6 11. O-O O-O 12. Rae1 Nb6 13. Nc1 Be6 14. f3
Rad8 15. Nb3 Bc8 16. Nc5 Nd7 17. b4 Nxc5 18. bxc5 f5 19. Qa4 a6 20. Qb3 Qg7 21.
Nb1 f4 22. Qc3 Rfe8 23. Bc2 Qf6 24. Nd2 fxe3 25. Rxe3 Rxe3 26. Qxe3 Ng7 27. Nb3
Re8 28. Qd2 Qe7 29. Bd1 Nf5 30. g3 Kf7 31. Kf2 Qe3+ 32. Qxe3 Nxe3 33. Re1 Nf5
34. Rxe8 Kxe8 35. g4 Ng7 36. Be2 Kf7 37. Kg3 Ne6 38. f4 Nc7 39. a4 Ne8 40. Nd2
Nf6 41. h3 Ng8 42. Nf1 Ne7 43. Ne3 Kf6 44. h4 h6 45. a5 Be6 46. Bd3 Bd7 47. Bb1
Be6 48. Bc2 Bd7 49. Bd3 Be6 50. Bf1 Bc8 51. Bh3 g5 52. Bf1 Ng6 53. Ng2 Nf8 54.
Bd3 Bd7 55. hxg5+ hxg5 56. Ne1 gxf4+ 57. Kxf4 Ne6+ 58. Ke3 Ng5 59. Kf4 Ne6+ 60.
Ke3 Ng5 61. Be2 Nh3 62. Nd3 Bc8 63. Ne5 Ng5 64. Bd3 Nh3 65. Bf1 Ng5 66. Bd3 Nh3
67. Bf1 Ng5 68. Be2 Nh3 69. Nd3 Kg5 70. Ne5 Kf6 71. Bf3 Ng5 72. Bg2 Kg7 73. Nf3
Kf6 74. Ne5 Kg7 75. Bf1 Kf6 76. Be2 Nh3 77. Bf3 Ng5 78. Nd3 Ne6 79. Nf4 Kg5 80.
Nd3 Kf6 81. Ne5 Ng5 82. Bg2 Ne6 83. Nf3 Ng5 84. Kf4 Ne6+ 85. Kg3 Bd7 86. Bf1
Ng5 87. Ne5 Be8 88. Kf4 Ne6+ 89. Ke3 Nxc5 90. g5+ Ke6 91. Bh3+ Kd6 92. dxc5+
Kxe5 93. Bc8 d4+ 94. Kd2 Kd5 95. Bxb7 Kxc5 96. Bxa6 Kb4 97. Bb7 Kxa5 98. Bxc6
Bxc6 99. Kd3 1/2-1/2

[Event "Lliga Catalana DH Final A"]
[Site "?"]
[Date "2015.03.14"]
[Round "8.2"]
[White "Gual Pascual, A."]
[Black "Fluvia Poyatos, Joan"]
[Result "1/2-1/2"]
[WhiteElo "2511"]
[BlackElo "2551"]
[PlyCount "152"]
[EventDate "2015.??.??"]
[EventType "team"]

1. c4 e5 2. g3 Nc6 3. Bg2 Nf6 4. Nc3 Bc5 5. Nf3 d6 6. d3 O-O 7. O-O h6 8. a3 a5
9. e3 Re8 10. b3 Bb6 11. Bb2 Bf5 12. h3 Qd7 13. Kh2 Bh7 14. Ng1 Kh8 15. Nge2
Rad8 16. Rc1 Ne7 17. e4 c6 18. Qc2 Ba7 19. Nd1 Bb8 20. f4 Neg8 21. f5 d5 22.
Bc3 Bc7 23. Nf2 Bb6 24. Rb1 h5 25. Ng1 g6 26. fxg6 Bxg6 27. Nf3 Qd6 28. Nh4
dxc4 29. dxc4 Qxa3 30. b4 axb4 31. Rxb4 Bd4 32. Rb3 Qa4 33. Nxg6+ fxg6 34. Rfb1
Qxc4 35. Bf1 Qc5 36. Nd3 Qd6 37. Rxb7 Bxc3 38. Qxc3 Nxe4 39. Qe1 Ng5 40. Qe3 e4
41. Nf4 Re7 42. Be2 Kh7 43. Rd1 Rxb7 44. Rxd6 Rxd6 45. Nxh5 Nf3+ 46. Kg2 Rb2
47. Nf4 Nd4 48. Qa3 Nxe2 49. Qxb2 Nxf4+ 50. gxf4 Re6 51. Qb7+ Re7 52. Qxc6 e3
53. Kf1 e2+ 54. Ke1 Kg7 55. Qd6 Kf7 56. Qd5+ Kg7 57. Qg5 Kf7 58. h4 Nf6 59. f5
gxf5 60. Qxf5 Kg7 61. Qg5+ Kf7 62. h5 Nxh5 63. Qxh5+ Kf6 64. Qh6+ Kf7 65. Qh8
Re6 66. Qh7+ Kf6 67. Qd7 Re7 68. Qd8 Kf7 69. Qh8 Re6 70. Qc8 Re5 71. Qd7+ Kf6
72. Qd6+ Re6 73. Qd7 Re7 74. Qc8 Kf7 75. Qf5+ Ke8 76. Qf6 Kd8 1/2-1/2

[Event "Lliga Catalana DH Final A"]
[Site "?"]
[Date "2015.03.14"]
[Round "8.3"]
[White "Bofill Mas, A."]
[Black "Panelo Muñoz, MA."]
[Result "1/2-1/2"]
[WhiteElo "2437"]
[BlackElo "2457"]
[PlyCount "45"]
[EventDate "2015.??.??"]
[EventType "team"]

1. Nf3 Nf6 2. c4 c5 3. Nc3 g6 4. g3 Bg7 5. Bg2 Nc6 6. O-O O-O 7. d3 a6 8. Rb1
d6 9. a3 Rb8 10. Ne1 Bd7 11. b4 cxb4 12. axb4 b5 13. Nc2 Qc8 14. Nd5 Re8 15.
Bb2 Ne5 16. Nce3 Nxd5 17. cxd5 Bh3 18. Qb3 Bxg2 19. Kxg2 Qb7 20. h4 h5 21. f4
Qa7 22. Nf5 gxf5 23. fxe5 1/2-1/2

[Event "Lliga Catalana DH Final A"]
[Site "?"]
[Date "2015.03.14"]
[Round "8.4"]
[White "Ramirez Garcia, JA."]
[Black "Jose Abril, R."]
[Result "0-1"]
[WhiteElo "2344"]
[BlackElo "2400"]
[PlyCount "54"]
[EventDate "2015.??.??"]
[EventType "team"]

1. e4 g6 2. d4 Bg7 3. g3 c5 4. c3 cxd4 5. cxd4 Qb6 6. d5 d6 7. Nc3 Nf6 8. Bg2
O-O 9. Nge2 Nbd7 10. O-O Nc5 11. Rb1 a5 12. h3 Bd7 13. Be3 Rfc8 14. Kh2 Qa6 15.
Nd4 Nd3 16. f4 Nxb2 17. Rxb2 Rxc3 18. Re1 Rac8 19. Bf1 Qa8 20. Bd2 Ra3 21. Nc2
Rxg3 22. Rb1 Nh5 23. Ne3 Bh6 24. Ng4 Bxg4 25. hxg4 Qa7 26. Bg2 Qf2 27. Rg1 Rh3+
0-1

[Event "Lliga Catalana DH Final A"]
[Site "?"]
[Date "2015.03.14"]
[Round "8.5"]
[White "Oms Fuentes, L."]
[Black "Avila Jimenez, X."]
[Result "1/2-1/2"]
[WhiteElo "2378"]
[BlackElo "2308"]
[PlyCount "39"]
[EventDate "2015.??.??"]
[EventType "team"]

1. e4 c6 2. d4 d5 3. e5 Bf5 4. Ne2 e6 5. Ng3 Bg6 6. h4 h5 7. Bd3 Bxd3 8. cxd3
Qb6 9. Be3 Qxb2 10. Nd2 Qc3 11. Rb1 b6 12. Rb3 Qa5 13. Nxh5 Qxa2 14. Ng3 Nd7
15. Qc1 Qa6 16. Rc3 Bb4 17. Rxc6 Ne7 18. Rc7 Qxd3 19. Ne2 a5 20. Rh3 1/2-1/2

[Event "Lliga Catalana DH Final A"]
[Site "?"]
[Date "2015.03.14"]
[Round "8.6"]
[White "Lopez Agustench, E."]
[Black "Raineri de Luca, P."]
[Result "1/2-1/2"]
[WhiteElo "2328"]
[BlackElo "2374"]
[PlyCount "53"]
[EventDate "2015.??.??"]
[EventType "team"]

1. d4 d5 2. Nf3 c6 3. e3 Nf6 4. c4 e6 5. b3 Bb4+ 6. Nbd2 Nbd7 7. Qc2 Qe7 8. Bb2
O-O 9. Bd3 dxc4 10. bxc4 Bd6 11. Ne5 Rd8 12. O-O Nf8 13. f4 Bxe5 14. fxe5 Ng4
15. Rae1 Nxe5 16. dxe5 Qd7 17. Bd4 c5 18. Bxc5 Qxd3 19. Qxd3 Rxd3 20. Ne4 Bd7
21. Ng5 b6 22. Bd4 Be8 23. Ne4 Ng6 24. Rd1 Rxd1 25. Rxd1 Bc6 26. Nd6 Rd8 27.
Bc3 1/2-1/2

[Event "Lliga Catalana DH Final A"]
[Site "?"]
[Date "2015.03.14"]
[Round "8.7"]
[White "Iglesias Romero, J."]
[Black "Orteu Capdevila, M."]
[Result "1-0"]
[WhiteElo "2365"]
[BlackElo "2163"]
[PlyCount "83"]
[EventDate "2015.??.??"]
[EventType "team"]

1. e4 c5 2. Nf3 d6 3. Bb5+ Bd7 4. Bxd7+ Qxd7 5. O-O Nf6 6. Qe2 e6 7. c3 Nc6 8.
d4 cxd4 9. cxd4 d5 10. e5 Ne4 11. Be3 Be7 12. Ne1 f5 13. f3 Ng5 14. Nd3 O-O 15.
Nc3 Rac8 16. Kh1 Nf7 17. Rg1 g5 18. g4 f4 19. Bf2 Kg7 20. Kg2 b6 21. h4 h6 22.
Rh1 Rh8 23. Rh2 Qb7 24. Rah1 Qa6 25. Nxf4 Qxe2 26. Nfxe2 Na5 27. hxg5 hxg5 28.
Rxh8 Nxh8 29. Be3 Nc4 30. Bc1 a6 31. f4 Rf8 32. f5 exf5 33. gxf5 Rxf5 34. Nxd5
Bd8 35. Ng3 Rf8 36. b3 Na5 37. Ne3 Ng6 38. Ngf5+ Kf7 39. Rh7+ Ke6 40. Rh6 Rxf5
41. Rxg6+ Kf7 42. Rd6 1-0

[Event "Lliga Catalana DH Final A"]
[Site "?"]
[Date "2015.03.14"]
[Round "8.9"]
[White "Fernandez Madrid, C."]
[Black "Yastrebova, T."]
[Result "1-0"]
[WhiteElo "2270"]
[BlackElo "2109"]
[PlyCount "55"]
[EventDate "2015.??.??"]
[EventType "team"]

1. c4 e6 2. Nf3 Nf6 3. g3 d5 4. Bg2 c6 5. b3 Nbd7 6. Bb2 Bd6 7. d4 O-O 8. O-O
Qe7 9. Ne5 dxc4 10. Nxc4 Bc7 11. Ba3 c5 12. Nbd2 Nd5 13. Qc1 b5 14. dxc5 bxc4
15. bxc4 N7f6 16. cxd5 exd5 17. e4 dxe4 18. c6 Bd6 19. Bxd6 Qxd6 20. Nxe4 Nxe4
21. Bxe4 Bh3 22. Rd1 Qf6 23. Qc2 Rfe8 24. c7 Rac8 25. Bb7 Bg4 26. Bxc8 Bxd1 27.
Rxd1 Rxc8 28. Qd3 1-0

[Event "Lliga Catalana DH Final A"]
[Site "?"]
[Date "2015.03.14"]
[Round "8.10"]
[White "Reverdy, MF."]
[Black "Fernandez Serrano, P."]
[Result "0-1"]
[WhiteElo "1788"]
[BlackElo "2256"]
[PlyCount "102"]
[EventDate "2015.??.??"]
[EventType "team"]

1. d4 g6 2. c4 Bg7 3. Nf3 d6 4. Nc3 Nc6 5. h3 e5 6. d5 Nce7 7. e4 f5 8. Be2 Nf6
9. Nd2 O-O 10. O-O f4 11. b4 g5 12. a4 Ng6 13. c5 Nh4 14. Ba3 Ne8 15. Bg4 Qf6
16. Bxc8 Rxc8 17. f3 h5 18. Rc1 Rf7 19. Qe2 Bf8 20. a5 a6 21. b5 dxc5 22. Na4
axb5 23. Qxb5 Nd6 24. Qb3 Ra8 25. Rxc5 Rg7 26. Rf2 g4 27. hxg4 hxg4 28. fxg4
Rxg4 29. Rxc7 Qg6 30. Qh3 Rxa5 31. Bxd6 Bxd6 32. Rc8+ Bf8 33. Nc4 Rxa4 34. Nxe5
Ra1+ 35. Kh2 Rg3 36. Nxg6 Rxh3+ 37. Kxh3 Nxg6 38. Rb2 Ne5 39. Kh4 Kf7 40. Rxb7+
Be7+ 41. Rxe7+ Kxe7 42. Kg5 f3 43. gxf3 Nxf3+ 44. Kf4 Rf1 45. Ke3 Ne5 46. Rc2
Re1+ 47. Re2 Rf1 48. Kd4 Kd6 49. Rd2 Nf3+ 50. Ke3 Nxd2 51. Kxd2 Ke5 0-1